000 00471nam a2200193Ia 4500
005 20240823023102.0
008 240823s9999||||xx |||||||||||||| ||und||
020 _a81-89635-08-5
041 _aENGLISH
082 _A291.2 P8
100 _aSubhash Mishra C Eds. & et al.
245 0 _aScience and Spritual Quest
250 _a1st
260 _c2008
_b"Bhaktivedanta Institute,Ko"
500 _aYES
650 _aScience
_bGeneral
942 _cBK
999 _c180707
_d180707